000 00596nam a2200229Ia 4500
003 BUBTL
008 151213s9999 xx 000 0 und d
020 _a1-85573-995-x
082 _a677GRW
100 _aZ.J.Grosicki
245 _aWatnon's Textile Design and Colour
_bElementary Weaves and Figured Fabrics
250 _a7th
260 _aEngland
_bWoodhead Publication Ltd.
_cc2004
300 _a387p.
_c24cm.
650 _aE E E
650 _ascience
700 _aZ.J.Grosicki
760 _b7th
856 _k0
_l0
_yDownload
942 _2ddc
_cBK
999 _c3907
_d3907